[Event "DEN-chT XtraCon 2018-19"]
[Site "Denmark"]
[Date "2019.01.12"]
[Round "5"]
[White "Jaksland, Tim"]
[Black "Hove, Esben Kjems"]
[Result "1/2-1/2"]
[WhiteElo "2264"]
[BlackElo "2314"]
[Annotator "NA"]
[PlyCount "213"]
[EventDate "2018.10.27"]
[EventType "team-tourn"]
[EventCountry "DEN"]
[SourceTitle "playchess.com"]
[Source "ChessBase"]
[SourceQuality "1"]
[TimeControl "40/5400+30:1800+30"]

1. c4 {[%emt 0:00:00]} c6 {[%emt 0:00:00]} 2. Nf3 {[%emt 0:01:05]} d5 {[%emt 0:00:56]} 3. e3 {[%emt 0:00:23]} Nf6 {[%emt 0:00:15]} 4. Nc3 {[%emt 0:00:34]} e6 {[%emt 0:00:24]} 5. b3 {[%emt 0:01:40]} Bd6 {[%emt 0:00:55]} 6. Qc2 {[%emt 0:01:06]} O-O {[%emt 0:00:36]} 7. Bb2 {[%emt 0:00:19]} e5 {[%emt 0:01:20]} 8. cxd5 {[%emt 0:07:10]} cxd5 {[%emt 0:01:48]} 9. Nb5 {[%emt 0:08:22]} Nc6 {[%emt 0:00:29]} 10. Nxd6 {[%emt 0:00:07]} Qxd6 11. h3 {[%emt 0:23:14]} Bd7 {[%emt 0:31:11]} 12. Rc1 {[%emt 0:13:40]} Rac8 {[%emt 0:07:49]} 13. Qb1 {[%emt 0:00:32]} d4 {[%emt 0:07:15]} 14. Be2 {[%emt 0:15:34]} dxe3 {[%emt 0:15:25]} 15. dxe3 {[%emt 0:01:10]} Qb4+ {[%emt 0:02:57]} 16. Bc3 {[%emt 0:02:15]} Qe7 {[%emt 0:00:12]} 17. O-O {[%emt 0:01:09]} Nd5 {[%emt 0:01:49]} 18. Bb2 {[%emt 0:01:19]} e4 {[%emt 0:02:24]} 19. Nd4 {[%emt 0:03:52]} a6 {[%emt 0:05:08]} 20. Rfd1 {[%emt 0:02:40]} Nf6 {[%emt 0:03:16]} 21. Nxc6 {[%emt 0:01:20]} Rxc6 {[%emt 0:01:48]} 22. Rxc6 {[%emt 0:00:30]} Bxc6 {[%emt 0:00:07]} 23. Qc2 {[%emt 0:00:17]} Rd8 {[%emt 0:00:32]} 24. Rxd8+ {[%emt 0:01:33]} Qxd8 {[%emt 0:00:06]} 25. Bxa6 {[%emt 0:02:32]} Qa5 {[%emt 0:01:29]} 26. Bc4 {[%emt 0:04:06]} Qxa2 {[%emt 0:01:22]} 27. b4 {[%emt 0:00:19]} Qa4 {[%emt 0:04:40]} 28. Qxa4 {[%emt 0:00:33]} Bxa4 {[%emt 0:00:07]} 29. Bxf6 {[%emt 0:00:17]} gxf6 {[%emt 0:00:10]} 30. Kh2 {[%emt 0:00:18]} f5 {[%emt 0:00:35]} 31. Kg3 {[%emt 0:00:13]} Kg7 {[%emt 0:00:07]} 32. Kf4 {[%emt 0:00:11]} Kf6 {[%emt 0:00:06]} 33. Bd5 {[%emt 0:01:09]} b6 {[%emt 0:01:00]} 34. g4 {[%emt 0:00:31]} fxg4 {[%emt 0:01:41]} 35. hxg4 {[%emt 0:00:06]} h6 {[%emt 0:00:12]} 36. Bxe4 {[%emt 0:00:41]} Bb3 {[%emt 0:00:42]} 37. Bf5 {[%emt 0:00:49]} Ke7 {[%emt 0:00:44]} 38. Ke5 {[%emt 0:00:27]} f6+ {[%emt 0:00:07]} 39. Kd4 {[%emt 0:00:10]} Kd6 {[%emt 0:00:09]} 40. Be4 {[%emt 0:02:52]} Bd1 {[%emt 0:02:43]} 41. f3 {[%emt 0:30:29]} Be2 {[%emt 0:30:32]} 42. Kc3 {[%emt 0:04:20]} Ke5 {[%emt 0:01:10]} 43. Kd2 {[%emt 0:00:00]} Bb5 {[%emt 0:00:00]} 44. Bd3 {[%emt 0:00:00]} Bd7 {[%emt 0:00:00]} 45. Kc3 {[%emt 0:00:00]} Be6 {[%emt 0:00:00]} 46. f4+ {[%emt 0:00:00]} Kd6 {[%emt 0:00:00]} 47. Be2 {[%emt 0:00:00]} Bd5 {[%emt 0:00:00]} 48. Kd4 {[%emt 0:00:00]} Bb7 {[%emt 0:00:00]} 49. e4 {[%emt 0:00:00]} Bc6 {[%emt 0:00:00]} 50. Bf3 {[%emt 0:00:00]} Ke6 {[%emt 0:00:00]} 51. Bd1 {[%emt 0:00:00]} Kd6 {[%emt 0:00:00]} 52. Be2 {[%emt 0:00:00]} Ke6 {[%emt 0:00:00]} 53. Bc4+ {[%emt 0:00:00]} Kd6 {[%emt 0:00:00]} 54. e5+ {[%emt 0:00:00]} fxe5+ {[%emt 0:00:00]} 55. fxe5+ {[%emt 0:00:00]} Ke7 {[%emt 0:00:00]} 56. Ke3 {[%emt 0:00:00]} Be8 {[%emt 0:00:00]} 57. Ke4 {[%emt 0:00:00]} Bg6+ {[%emt 0:00:00]} 58. Kd4 {[%emt 0:00:00]} Be8 {[%emt 0:00:00]} 59. Bd3 {[%emt 0:00:00]} Bf7 {[%emt 0:00:00]} 60. Bf5 {[%emt 0:00:00]} Bb3 {[%emt 0:00:00]} 61. Ke3 {[%emt 0:00:00]} Ba2 {[%emt 0:00:00]} 62. Kf4 {[%emt 0:00:00]} Bb3 {[%emt 0:00:00]} 63. Kg3 {[%emt 0:00:00]} Bf7 {[%emt 0:00:00]} 64. Bd3 {[%emt 0:01:28]} Be8 {[%emt 0:00:00]} 65. Kf4 {[%emt 0:00:56]} Bd7 {[%emt 0:00:00]} 66. Bf5 {[%emt 0:00:57]} Ba4 {[%emt 0:00:00]} 67. g5 {[%emt 0:00:38]} hxg5+ {[%emt 0:00:00]} 68. Kxg5 {[%emt 0:00:05]} Bb3 {[%emt 0:00:00]} 69. Kf4 {[%emt 0:00:10]} Ba2 {[%emt 0:00:00]} 70. Ke3 {[%emt 0:00:05]} Bb3 {[%emt 0:00:33]} 71. Kd4 {[%emt 0:00:11]} Ba2 {[%emt 0:00:19]} 72. Bd3 {[%emt 0:00:14]} Bf7 {[%emt 0:01:06]} 73. Bc4 {[%emt 0:01:08]} Bg6 {[%emt 0:00:35]} 74. Bd5 {[%emt 0:01:27]} Bb1 {[%emt 0:00:37]} 75. Bc4 {[%emt 0:00:35]} Bg6 {[%emt 0:00:19]} 76. Bb3 {[%emt 0:00:27]} Bf5 {[%emt 0:01:01]} 77. Bg8 {[%emt 0:00:25]} Bb1 {[%emt 0:00:32]} 78. Bd5 {[%emt 0:00:50]} Kd7 {[%emt 0:01:33]} 79. Bb3 {[%emt 0:00:21]} Bg6 {[%emt 0:00:48]} 80. Ba4+ {[%emt 0:00:19]} Ke7 {[%emt 0:00:27]} 81. Bc6 {[%emt 0:00:10]} Bf7 {[%emt 0:00:24]} 82. Bd5 {[%emt 0:00:27]} Bh5 {[%emt 0:00:17]} 83. Kc3 {[%emt 0:01:54]} Be2 {[%emt 0:01:13]} 84. Bc4 {[%emt 0:00:12]} Bh5 {[%emt 0:00:21]} 85. Bb3 {[%emt 0:00:23]} Bg6 {[%emt 0:01:14]} 86. Kd4 {[%emt 0:00:12]} Bf5 {[%emt 0:00:30]} 87. Bd5 {[%emt 0:00:49]} Bg4 {[%emt 0:00:39]} 88. Bg8 {[%emt 0:00:10]} Bd1 {[%emt 0:01:15]} 89. Kc4 {[%emt 0:00:16]} Be2+ {[%emt 0:00:12]} 90. Kd5 {[%emt 0:00:13]} Bf3+ {[%emt 0:00:07]} 91. Kd4 {[%emt 0:00:16]} Bd1 {[%emt 0:00:20]} 92. Bc4 {[%emt 0:01:20]} Bh5 {[%emt 0:00:32]} 93. Bb3 {[%emt 0:00:54]} Bg6 {[%emt 0:01:25]} 94. e6 {[%emt 0:00:50]} Kd6 {[%emt 0:00:09]} 95. Kc4 {[%emt 0:01:15]} Be8 {[%emt 0:01:28]} 96. Kd4 {[%emt 0:00:06]} Bg6 {[%emt 0:00:09]} 97. Bc4 {[%emt 0:00:07]} Be8 {[%emt 0:00:30]} 98. Ke4 {[%emt 0:00:10]} Bg6+ {[%emt 0:01:49]} 99. Kf4 {[%emt 0:00:05]} Bc2 {[%emt 0:00:13]} 100. Kg5 {[%emt 0:00:12]} Ke7 {[%emt 0:00:08]} 101. Bd5 {[%emt 0:00:18]} Bd3 {[%emt 0:00:26]} 102. Bb3 {[%emt 0:00:13]} Bb1 {[%emt 0:01:26]} 103. Kf4 {[%emt 0:00:03]} Kd6 {[%emt 0:00:19]} 104. Kg5 {[%emt 0:00:05]} Ke7 {[%emt 0:00:07]} 105. Kf4 {[%emt 0:00:03]} Kd6 {[%emt 0:00:07]} 106. Kg5 {[%emt 0:00:02]} Ke7 {[%emt 0:00:08]} 107. Kf4 {[%emt 0:00:03]} 1/2-1/2

[Event "DEN-chT XtraCon 2018-19"]
[Site "Denmark"]
[Date "2019.01.12"]
[Round "5"]
[White "Pedersen, Nicolai Kvist Brond"]
[Black "Greger, Roland Reinhard"]
[Result "1-0"]
[WhiteElo "2262"]
[BlackElo "2296"]
[Annotator "NA"]
[PlyCount "127"]
[EventDate "2018.10.27"]
[EventType "team-tourn"]
[EventCountry "DEN"]
[SourceTitle "playchess.com"]
[Source "ChessBase"]
[SourceQuality "1"]
[TimeControl "40/5400+30:1800+30"]

1. d4 {[%emt 0:00:00]} Nf6 {[%emt 0:00:00]} 2. Nf3 {[%emt 0:00:00]} e6 {[%emt 0:00:05]} 3. c4 {[%emt 0:00:00]} b6 {[%emt 0:00:07]} 4. g3 {[%emt 0:00:00]} Bb7 {[%emt 0:00:09]} 5. Bg2 {[%emt 0:00:00]} Be7 {[%emt 0:00:07]} 6. O-O {[%emt 0:00:08]} O-O {[%emt 0:00:09]} 7. Nc3 {[%emt 0:00:05]} Ne4 {[%emt 0:00:44]} 8. Bd2 {[%emt 0:00:47]} f5 {[%emt 0:01:12]} 9. Qc2 {[%emt 0:01:53]} Bf6 {[%emt 0:05:40]} 10. Rad1 {[%emt 0:00:40]} Nxc3 {[%emt 0:08:26]} 11. Bxc3 {[%emt 0:04:00]} Be4 {[%emt 0:00:05]} 12. Qb3 {[%emt 0:06:04]} Qc8 {[%emt 0:00:28]} 13. d5 {[%emt 0:18:46]} c5 {[%emt 0:10:48]} 14. Ne1 {[%emt 0:08:57]} Bxg2 {[%emt 0:00:56]} 15. Nxg2 {[%emt 0:00:21]} e5 {[%emt 0:06:47]} 16. e4 {[%emt 0:06:44]} d6 {[%emt 0:05:29]} 17. f4 {[%emt 0:05:05]} fxe4 {[%emt 0:02:24]} 18. fxe5 {[%emt 0:02:50]} dxe5 {[%emt 0:01:02]} 19. Qc2 {[%emt 0:02:50]} Qg4 {[%emt 0:11:34]} 20. Rde1 {[%emt 0:05:48]} Nd7 {[%emt 0:00:27]} 21. Qxe4 {[%emt 0:03:56]} Qxe4 {[%emt 0:00:49]} 22. Rxe4 {[%emt 0:00:01]} Bg5 {[%emt 0:06:19]} 23. Ne1 {[%emt 0:03:19]} Rxf1+ {[%emt 0:02:26]} 24. Kxf1 {[%emt 0:00:04]} Re8 {[%emt 0:04:30]} 25. Nd3 {[%emt 0:04:44]} Bd8 {[%emt 0:01:42]} 26. Kg2 {[%emt 0:03:50]} Bc7 {[%emt 0:00:48]} 27. Nf2 {[%emt 0:01:13]} Nf6 {[%emt 0:04:20]} 28. Re1 {[%emt 0:03:57]} a6 {[%emt 0:00:35]} 29. Ne4 {[%emt 0:01:50]} Nxe4 {[%emt 0:00:28]} 30. Rxe4 {[%emt 0:00:02]} Bd6 {[%emt 0:01:15]} 31. Kf3 {[%emt 0:01:17]} Kf7 {[%emt 0:02:35]} 32. Re1 {[%emt 0:00:58]} b5 {[%emt 0:02:45]} 33. b3 {[%emt 0:01:28]} b4 {[%emt 0:03:46]} 34. Bb2 {[%emt 0:00:09]} Kg6 {[%emt 0:00:56]} 35. Ke3 {[%emt 0:04:25]} Rf8 {[%emt 0:05:50]} 36. Kd2 {[%emt 0:05:07]} Rf2+ {[%emt 0:03:24]} 37. Re2 {[%emt 0:00:02]} Rxe2+ {[%emt 0:02:17]} 38. Kxe2 {[%emt 0:00:01]} Kf5 {[%emt 0:00:30]} 39. Ke3 {[%emt 0:03:57]} h5 {[%emt 0:00:32]} 40. h3 {[%emt 0:01:05]} g6 {[%emt 0:06:57]} 41. g4+ {[%emt 0:07:58]} hxg4 {[%emt 0:09:48]} 42. hxg4+ {[%emt 0:00:06]} Kf6 {[%emt 0:00:08]} 43. Ke4 {[%emt 0:01:28]} g5 {[%emt 0:00:37]} 44. Bc1 {[%emt 0:08:50]} a5 {[%emt 0:00:05]} 45. Be3 {[%emt 0:00:30]} Bf8 {[%emt 0:01:31]} 46. Bg1 {[%emt 0:04:38]} Bd6 {[%emt 0:00:09]} 47. Bf2 {[%emt 0:05:09]} Bf8 {[%emt 0:00:22]} 48. d6 {[%emt 0:02:30]} Bxd6 {[%emt 0:00:39]} 49. Kd5 {[%emt 0:00:34]} Be7 {[%emt 0:00:26]} 50. Bg3 {[%emt 0:00:35]} e4 {[%emt 0:00:26]} 51. Be5+ {[%emt 0:01:14]} Kf7 {[%emt 0:00:01]} 52. Kxe4 {[%emt 0:00:42]} Ke6 {[%emt 0:00:05]} 53. Bc7 {[%emt 0:00:28]} Bf6 {[%emt 0:10:21]} 54. Bb6 {[%emt 0:01:05]} Be7 {[%emt 0:00:44]} 55. Bxa5 {[%emt 0:00:06]} Bd6 {[%emt 0:00:20]} 56. Bb6 {[%emt 0:00:40]} Be7 {[%emt 0:01:09]} 57. Bc7 {[%emt 0:00:18]} Kd7 {[%emt 0:01:02]} 58. Bg3 {[%emt 0:00:35]} Ke6 {[%emt 0:00:02]} 59. Be5 {[%emt 0:00:48]} Bf8 {[%emt 0:00:57]} 60. Bb2 {[%emt 0:00:47]} Be7 {[%emt 0:00:37]} 61. a4 {[%emt 0:02:00]} bxa3 {[%emt 0:00:04]} 62. Bxa3 {[%emt 0:00:03]} Bf8 {[%emt 0:08:32]} 63. Bc1 {[%emt 0:00:16]} Be7 {[%emt 0:00:27]} 64. Be3 {[%emt 0:00:29] Kd5+} 1-0

[Event "DEN-chT XtraCon 2018-19"]
[Site "Denmark"]
[Date "2019.01.12"]
[Round "5"]
[White "Sobjerg, Erik"]
[Black "Nielsen, Thomas Bach"]
[Result "1-0"]
[WhiteElo "2252"]
[BlackElo "2132"]
[Annotator "NA"]
[PlyCount "43"]
[EventDate "2018.10.27"]
[EventType "team-tourn"]
[EventCountry "DEN"]
[SourceTitle "playchess.com"]
[Source "ChessBase"]
[SourceQuality "1"]
[TimeControl "40/5400+30:1800+30"]

1. e4 {[%emt 0:00:00]} c6 {[%emt 0:00:00]} 2. d4 {[%emt 0:00:00]} d5 {[%emt 0:00:00]} 3. e5 {[%emt 0:00:00]} Bf5 {[%emt 0:00:00]} 4. h4 {[%emt 0:00:00]} h5 {[%emt 0:00:14]} 5. Bd3 {[%emt 0:00:00]} Bxd3 {[%emt 0:00:52]} 6. Qxd3 {[%emt 0:00:00]} e6 {[%emt 0:00:33]} 7. Bg5 {[%emt 0:00:42]} Ne7 {[%emt 0:14:49]} 8. Ne2 {[%emt 0:01:22]} Qa5+ {[%emt 0:01:31]} 9. Nd2 {[%emt 0:00:16]} Qa6 {[%emt 0:00:21]} 10. c4 {[%emt 0:00:18]} Nd7 {[%emt 0:03:29]} 11. O-O {[%emt 0:03:24]} f6 {[%emt 0:11:19]} 12. exf6 {[%emt 0:16:26]} gxf6 {[%emt 0:00:49]} 13. Nf4 {[%emt 0:10:26]} e5 {[%emt 0:34:57]} 14. Ne6 {[%emt 0:05:54]} Rc8 {[%emt 0:02:25]} 15. Qf3 {[%emt 0:18:12]} e4 {[%emt 0:05:42]} 16. Qf4 {[%emt 0:09:37]} Kf7 {[%emt 0:02:48]} 17. Nc5 {[%emt 0:04:14]} Nxc5 {[%emt 0:02:24]} 18. Qxf6+ Kg8 {[%emt 0:01:53]} 19. dxc5 {[%emt 0:01:17]} Re8 {[%emt 0:01:34]} 20. Qe6+ {[%emt 0:00:49]} Kg7 {[%emt 0:01:59]} 21. Bf6+ {[%emt 0:00:22]} Kh7 {[%emt 0:00:06]} 22. Qf7+ 1-0

[Event "DEN-chT XtraCon 2018-19"]
[Site "Denmark"]
[Date "2019.01.12"]
[Round "5"]
[White "Schmidt, Kristen"]
[Black "Ostergaard, Jens"]
[Result "0-1"]
[WhiteElo "2230"]
[BlackElo "2203"]
[Annotator "NA"]
[PlyCount "64"]
[EventDate "2018.10.27"]
[EventType "team-tourn"]
[EventCountry "DEN"]
[SourceTitle "playchess.com"]
[Source "ChessBase"]
[SourceQuality "1"]
[TimeControl "40/5400+30:1800+30"]

1. e4 {[%emt 0:00:00]} c5 {[%emt 0:00:00]} 2. Nf3 {[%emt 0:00:06]} Nc6 {[%emt 0:00:00]} 3. Bb5 {[%emt 0:01:04]} g6 {[%emt 0:01:04]} 4. O-O {[%emt 0:01:03]} Bg7 {[%emt 0:00:07]} 5. Re1 {[%emt 0:01:40]} e5 {[%emt 0:02:19]} 6. c3 {[%emt 0:04:35]} Nge7 {[%emt 0:03:26]} 7. Na3 {[%emt 0:05:30]} O-O {[%emt 0:00:47]} 8. d3 {[%emt 0:05:31]} d6 9. Nc2 {[%emt 0:07:03]} a6 {[%emt 0:17:28]} 10. Bxc6 {[%emt 0:20:59]} Nxc6 {[%emt 0:00:10]} 11. h3 {[%emt 0:00:08]} d5 {[%emt 0:17:50]} 12. exd5 {[%emt 0:08:55]} Qxd5 {[%emt 0:00:07]} 13. Ne3 {[%emt 0:00:05]} Qd8 {[%emt 0:00:23]} 14. Nc4 {[%emt 0:07:54]} Qc7 {[%emt 0:03:27]} 15. Be3 {[%emt 0:04:04]} b6 {[%emt 0:06:02]} 16. a4 {[%emt 0:05:11]} Bf5 {[%emt 0:17:00]} 17. a5 {[%emt 0:14:11]} b5 {[%emt 0:08:24]} 18. Nb6 {[%emt 0:01:41]} Rad8 {[%emt 0:00:24]} 19. Bxc5 {[%emt 0:00:49]} Rxd3 {[%emt 0:02:06]} 20. Qe2 {[%emt 0:01:24]} Rfd8 {[%emt 0:01:47]} 21. Be3 {[%emt 0:01:04]} h6 {[%emt 0:06:11]} 22. Nd2 {[%emt 0:01:35]} e4 {[%emt 0:01:39]} 23. Nb3 {[%emt 0:00:21]} Bf8 {[%emt 0:03:41]} 24. Bc5 {[%emt 0:02:18]} Nxa5 {[%emt 0:01:42]} 25. Rxa5 {[%emt 0:01:04]} Bxc5 {[%emt 0:00:05]} 26. Nxc5 {[%emt 0:00:11]} Qxc5 {[%emt 0:01:04]} 27. Rxa6 {[%emt 0:00:39]} R8d6 {[%emt 0:02:14]} 28. g4 {[%emt 0:01:42]} Be6 {[%emt 0:01:12]} 29. Qxe4 {[%emt 0:00:46]} Rxh3 {[%emt 0:01:17]} 30. Kg2 {[%emt 0:01:46]} Rh4 {[%emt 0:00:27]} 31. Qe3 {[%emt 0:01:09]} Rxg4+ {[%emt 0:00:25]} 32. Kh2 {[%emt 0:00:11]} Qh5+ {[%emt 0:00:15]} 0-1

[Event "DEN-chT XtraCon 2018-19"]
[Site "Denmark"]
[Date "2019.01.12"]
[Round "5"]
[White "Jakobsen, Peter"]
[Black "Svenninggaard, Thomas"]
[Result "1-0"]
[WhiteElo "2181"]
[BlackElo "2131"]
[Annotator "NA"]
[PlyCount "55"]
[EventDate "2018.10.27"]
[EventType "team-tourn"]
[EventCountry "DEN"]
[SourceTitle "playchess.com"]
[Source "ChessBase"]
[SourceQuality "1"]
[TimeControl "40/5400+30:1800+30"]

1. d4 {[%emt 0:00:00]} Nf6 {[%emt 0:00:54]} 2. c4 {[%emt 0:00:00]} g6 {[%emt 0:00:06]} 3. Nc3 {[%emt 0:00:00]} Bg7 {[%emt 0:00:10]} 4. e4 {[%emt 0:00:00]} d6 {[%emt 0:00:14]} 5. Nf3 {[%emt 0:00:00]} O-O {[%emt 0:00:27]} 6. Be2 {[%emt 0:00:00]} Na6 {[%emt 0:00:14]} 7. O-O {[%emt 0:00:10]} c5 {[%emt 0:00:10]} 8. Re1 {[%emt 0:01:32]} cxd4 {[%emt 0:08:33]} 9. Nxd4 {[%emt 0:00:02]} Nc5 {[%emt 0:03:28]} 10. f3 {[%emt 0:00:07]} Ne6 {[%emt 0:06:22]} 11. Nb3 {[%emt 0:05:43]} b6 {[%emt 0:07:58]} 12. Be3 {[%emt 0:00:56]} Ba6 13. Rc1 {[%emt 0:11:13]} Nd7 {[%emt 0:14:17]} 14. Qd2 {[%emt 0:06:01]} Rc8 {[%emt 0:01:45]} 15. Nd5 {[%emt 0:09:37]} Re8 {[%emt 0:13:58]} 16. Red1 {[%emt 0:04:08]} Ne5 {[%emt 0:01:46]} 17. Qb4 {[%emt 0:00:14]} Nc6 {[%emt 0:05:07]} 18. Qa3 {[%emt 0:03:22]} Nb8 {[%emt 0:02:12]} 19. Nb4 {[%emt 0:07:45]} Nc5 {[%emt 0:08:53]} 20. Nxc5 {[%emt 0:00:50]} Bxb2 {[%emt 0:02:48]} 21. Qxb2 {[%emt 0:00:11]} bxc5 {[%emt 0:00:08]} 22. Nxa6 {[%emt 0:01:08]} Nxa6 {[%emt 0:00:07]} 23. Bh6 {[%emt 0:02:09]} f6 {[%emt 0:00:17]} 24. f4 {[%emt 0:03:31]} Qa5 {[%emt 0:04:47]} 25. e5 {[%emt 0:10:10]} Rb8 {[%emt 0:02:48]} 26. Qa1 {[%emt 0:00:09]} dxe5 {[%emt 0:07:18]} 27. fxe5 {[%emt 0:00:08]} Rb6 {[%emt 0:01:13]} 28. Rf1 {[%emt 0:02:50]} 1-0

[Event "DEN-chT XtraCon 2018-19"]
[Site "Denmark"]
[Date "2019.01.12"]
[Round "5"]
[White "Vesterli, Michael E."]
[Black "Ochsner, Thomas"]
[Result "1-0"]
[WhiteElo "2167"]
[BlackElo "2289"]
[Annotator "NA"]
[PlyCount "49"]
[EventDate "2018.10.27"]
[EventType "team-tourn"]
[EventCountry "DEN"]
[SourceTitle "playchess.com"]
[Source "ChessBase"]
[SourceQuality "1"]
[TimeControl "40/5400+30:1800+30"]

1. d4 {[%emt 0:00:00]} Nf6 {[%emt 0:00:00]} 2. c4 {[%emt 0:00:00]} e6 {[%emt 0:00:00]} 3. Nf3 {[%emt 0:00:00]} b6 {[%emt 0:00:01]} 4. e3 {[%emt 0:00:26]} Bb7 {[%emt 0:00:34]} 5. Bd3 {[%emt 0:00:18]} d5 {[%emt 0:05:38]} 6. O-O {[%emt 0:06:12]} Bd6 {[%emt 0:01:05]} 7. Nbd2 {[%emt 0:01:25]} Nbd7 {[%emt 0:01:57]} 8. Qc2 {[%emt 0:06:20]} O-O {[%emt 0:00:56]} 9. e4 {[%emt 0:04:02]} dxe4 {[%emt 0:01:22]} 10. Nxe4 {[%emt 0:00:06]} Nxe4 {[%emt 0:00:16]} 11. Bxe4 {[%emt 0:00:04]} Bxe4 {[%emt 0:00:07]} 12. Qxe4 {[%emt 0:00:04]} c5 {[%emt 0:01:13]} 13. Bg5 {[%emt 0:01:54]} Nf6 {[%emt 0:07:11]} 14. Qh4 {[%emt 0:02:51]} Be7 {[%emt 0:01:20]} 15. dxc5 {[%emt 0:09:54]} bxc5 {[%emt 0:07:26]} 16. Rad1 {[%emt 0:01:39]} Qc7 {[%emt 0:01:11]} 17. Rd3 {[%emt 0:12:19]} Rfd8 {[%emt 0:02:50]} 18. Re3 {[%emt 0:01:11]} a5 {[%emt 0:19:08]} 19. Ne5 {[%emt 0:02:04]} Rd4 {[%emt 0:01:37]} 20. f4 {[%emt 0:02:54]} h6 {[%emt 0:12:24]} 21. Bxh6 {[%emt 0:02:02]} Nh7 {[%emt 0:01:12]} 22. Qg4 {[%emt 0:04:22]} Bf6 {[%emt 0:00:47]} 23. Rg3 {[%emt 0:05:39]} Qxe5 {[%emt 0:02:50]} 24. Qxg7+ {[%emt 0:07:44]} Bxg7 {[%emt 0:00:08]} 25. fxe5 {[%emt 0:00:04]} 1-0

[Event "DEN-chT XtraCon 2018-19"]
[Site "Denmark"]
[Date "2019.01.12"]
[Round "5"]
[White "Brorsen, Jacob Abildlund"]
[Black "Rendboe, John Filip"]
[Result "1/2-1/2"]
[WhiteElo "2132"]
[BlackElo "2114"]
[Annotator "NA"]
[PlyCount "57"]
[EventDate "2018.10.27"]
[EventType "team-tourn"]
[EventCountry "DEN"]
[SourceTitle "playchess.com"]
[Source "ChessBase"]
[SourceQuality "1"]
[TimeControl "40/5400+30:1800+30"]

1. e4 {[%emt 0:00:00]} c5 {[%emt 0:00:00]} 2. Nf3 {[%emt 0:00:00]} Nc6 {[%emt 0:00:00]} 3. d4 {[%emt 0:00:00]} cxd4 {[%emt 0:00:00]} 4. Nxd4 {[%emt 0:00:00]} Nf6 {[%emt 0:01:15]} 5. Nc3 {[%emt 0:00:09]} e5 {[%emt 0:00:12]} 6. Ndb5 {[%emt 0:00:41]} d6 {[%emt 0:00:06]} 7. Nd5 {[%emt 0:01:32]} Nxd5 {[%emt 0:00:18]} 8. exd5 {[%emt 0:00:03]} Ne7 {[%emt 0:01:33]} 9. c4 {[%emt 0:00:12]} Nf5 {[%emt 0:01:46]} 10. Bd3 {[%emt 0:07:20]} Be7 {[%emt 0:00:38]} 11. Nc3 {[%emt 0:17:57]} O-O {[%emt 0:02:33]} 12. O-O {[%emt 0:03:07]} g6 {[%emt 0:03:01]} 13. a4 {[%emt 0:11:58]} a5 {[%emt 0:01:55]} 14. Ra3 {[%emt 0:01:31]} Bg5 {[%emt 0:12:41]} 15. Nb5 {[%emt 0:04:07]} Bxc1 {[%emt 0:08:35]} 16. Qxc1 {[%emt 0:00:34]} Re8 {[%emt 0:11:55]} 17. Re1 {[%emt 0:02:59]} Bd7 {[%emt 0:05:02]} 18. Bxf5 {[%emt 0:04:38]} Bxf5 {[%emt 0:00:13]} 19. Qe3 {[%emt 0:12:36]} Rc8 {[%emt 0:04:18]} 20. Rc3 {[%emt 0:00:51]} Rc5 {[%emt 0:02:49]} 21. b3 {[%emt 0:11:50]} Qf6 {[%emt 0:03:30]} 22. h4 {[%emt 0:02:08]} Bd7 {[%emt 0:00:46]} 23. Qh6 {[%emt 0:01:57]} Bxb5 {[%emt 0:00:31]} 24. axb5 {[%emt 0:00:29]} Rec8 {[%emt 0:08:07]} 25. Rf3 {[%emt 0:01:59]} Qe7 {[%emt 0:02:08]} 26. Ra1 {[%emt 0:01:29]} b6 {[%emt 0:00:38]} 27. h5 {[%emt 0:03:23]} Re8 {[%emt 0:02:08]} 28. hxg6 {[%emt 0:01:25]} fxg6 {[%emt 0:00:15]} 29. Qe3 {[%emt 0:02:05]} 1/2-1/2

[Event "DEN-chT XtraCon 2018-19"]
[Site "Denmark"]
[Date "2019.01.12"]
[Round "5"]
[White "Erlandsen, Carsten"]
[Black "Ejsing, Esben"]
[Result "0-1"]
[WhiteElo "2068"]
[BlackElo "2127"]
[Annotator "NA"]
[PlyCount "92"]
[EventDate "2018.10.27"]
[EventType "team-tourn"]
[EventCountry "DEN"]
[SourceTitle "playchess.com"]
[Source "ChessBase"]
[SourceQuality "1"]
[TimeControl "40/5400+30:1800+30"]

1. d4 {[%emt 0:00:00]} Nf6 {[%emt 0:00:06]} 2. c4 {[%emt 0:00:00]} e6 {[%emt 0:00:41]} 3. Nf3 {[%emt 0:00:00]} b6 {[%emt 0:01:28]} 4. g3 {[%emt 0:00:03]} Bb7 {[%emt 0:00:06]} 5. Bg2 {[%emt 0:00:05]} Bb4+ {[%emt 0:02:22]} 6. Bd2 {[%emt 0:00:48]} Bxd2+ {[%emt 0:00:41]} 7. Qxd2 {[%emt 0:04:01]} O-O {[%emt 0:00:16]} 8. Nc3 {[%emt 0:05:08]} d6 {[%emt 0:01:46]} 9. O-O {[%emt 0:01:39]} Nbd7 {[%emt 0:01:10]} 10. Qc2 {[%emt 0:06:51]} Qe7 {[%emt 0:04:49]} 11. e3 {[%emt 0:13:48]} c5 12. d5 {[%emt 0:09:27]} exd5 {[%emt 0:08:08]} 13. Nh4 {[%emt 0:00:26]} Ne5 {[%emt 0:06:37]} 14. cxd5 {[%emt 0:01:52]} Ba6 {[%emt 0:07:12]} 15. Rfd1 {[%emt 0:05:40]} g6 {[%emt 0:04:26]} 16. a4 {[%emt 0:08:45]} Nfd7 {[%emt 0:12:18]} 17. e4 {[%emt 0:02:25]} c4 {[%emt 0:03:26]} 18. Nb5 {[%emt 0:06:28]} Rfc8 {[%emt 0:05:44]} 19. f4 {[%emt 0:04:56]} Nd3 {[%emt 0:02:57]} 20. e5 {[%emt 0:01:33]} Bxb5 {[%emt 0:00:29]} 21. axb5 {[%emt 0:00:48]} dxe5 {[%emt 0:14:40]} 22. d6 {[%emt 0:08:28]} Qxd6 {[%emt 0:00:10]} 23. Bxa8 {[%emt 0:00:36]} Qd4+ {[%emt 0:04:24]} 24. Kf1 {[%emt 0:06:22]} Rxa8 {[%emt 0:00:12]} 25. b3 {[%emt 0:04:48]} N7c5 {[%emt 0:05:53]} 26. bxc4 {[%emt 0:01:34]} e4 {[%emt 0:01:11]} 27. Ra3 {[%emt 0:03:03]} Re8 {[%emt 0:02:01]} 28. Ng2 {[%emt 0:01:03]} Re7 {[%emt 0:01:26]} 29. Ne1 {[%emt 0:01:10]} Rd7 {[%emt 0:02:52]} 30. Ng2 {[%emt 0:01:01]} f5 {[%emt 0:03:00]} 31. Ne1 {[%emt 0:00:58]} Kf8 {[%emt 0:00:34]} 32. Ng2 {[%emt 0:00:24]} Kg8 {[%emt 0:00:33]} 33. Ne1 {[%emt 0:00:21]} Qe3 {[%emt 0:00:57]} 34. Qe2 {[%emt 0:01:08]} Qd4 {[%emt 0:01:35]} 35. Nxd3 {[%emt 0:00:43]} exd3 {[%emt 0:00:35]} 36. Qe8+ {[%emt 0:00:25]} Kg7 {[%emt 0:00:19]} 37. Qe5+ {[%emt 0:00:10]} Qxe5 {[%emt 0:00:52]} 38. fxe5 {[%emt 0:00:02]} Kf7 {[%emt 0:00:22]} 39. Rda1 {[%emt 0:01:34]} Ke6 {[%emt 0:00:59]} 40. Rxa7 {[%emt 0:00:36]} Rxa7 {[%emt 0:01:50]} 41. Rxa7 {[%emt 0:30:04]} Kxe5 {[%emt 0:30:06]} 42. Ra6 {[%emt 0:00:00]} Kd4 {[%emt 0:00:00]} 43. Rxb6 {[%emt 0:00:00]} Ke3 {[%emt 0:00:00]} 44. Ke1 {[%emt 0:00:00]} d2+ {[%emt 0:00:00]} 45. Kd1 {[%emt 0:00:00]} Ne4 {[%emt 0:00:00]} 46. Rb8 {[%emt 0:00:00]} Nf2+ {[%emt 0:00:00] Rb7} 0-1